000 00642nam a2200241 i 4500
001 C2-0103144
003 PPAK
005 20180727100530.0
008 970601s1992 enka|||| ||||| | eng d
020 _a1854222732
040 _aPPAK
_beng
_cPPAK
_erda
082 0 4 _a623.4
_223
090 0 0 _a623.4
_bYEN
_dR
100 1 _aYenne, Bill,
_eauthor
245 1 0 _aWeapons of the 21st century
264 1 _aLeicester :
_bMagna Books ,
_c1992
300 _a80 pages :
_billustrations ;
_c30 cm
336 _2rdacontent
_atext
337 _2rdamedia
_aunmediated
338 _2rdacarrier
_avolume
650 1 0 _aWeapons systems
942 _ddc
_cB
999 _c24308
_d24308